Empty stridency and political fig leaves: U.S Foreign Policy toward Guatemalan State Terrorism, 1977 - 1985

Bewaard in:
Bibliografische gegevens
Formaat: Texto
Gepubliceerd in: s.l: s.e.
Tags: Voeg label toe
Geen labels, Wees de eerste die dit record labelt!

MARC

LEADER 00000 a a2200000 04500
001 23231
003
040
090 |a 160700  
245 |a Empty stridency and political fig leaves: U.S Foreign Policy toward Guatemalan State Terrorism, 1977 - 1985  
260 |a s.l:   |b s.e.  
300 |a 57 p  
999 |c 16542  |d 16542